000 01488nam a22003257a 4500
999 _c21446
_d21446
003 AR-CdUCM
008 190220b ||||| |||| 00| 0 spa d
020 _a9789972515798
040 _aMUNICIPALIDAD PROVINCIAL DEL CUSCO
_cBIBLIOTECA MUNICIPAL DEL CUSCO
082 _a309.185/P45
_bP45
245 _aIncertidumbres y distancias :
_bel controvertido protagonismo del Estado en el Perú /
_cRicardo Cuenca, Eduardo Dargent, Fernando Filgueira ... [et al.] ; editor, Romeo Grompone.
260 _aLima :
_bInstituto de Estudios Peruanos, IEP,
_c2016.
300 _a528 páginas ;
_bilustraciones,
_c23 cm.
440 _aSerie Perú Problema,
_n45.
_944793
500 _aContenido: Orden y conflicto. El Estado en la teoría y la historia peruana -- Más allá de los límites: los grupos que asedian a la política estatal -- La cuestionada incidencia de partidos y movimientos en las instituciones de gobierno -- El alcance y los dilemas de las políticas sociales.
650 _aEstado
_9738
650 _aPartidos políticos
_91565
650 _aCorrupción política
_97666
650 _aEstudio de casos
_98657
650 _aPolítica y gobierno
_92693
650 _aHistoria
_944794
650 _aPerú
_944795
700 _aCuenca, Ricardo
_944796
700 _aDargent Chamot, Eduardo
_944797
700 _aFilgueira, Fernando
_944798
700 _aGrompone, Romeo
_91679
710 _aInstituto de Estudios Peruanos (Lima)
_99759
942 _2ddc
_cLIBROS
945 _aRoel